000 01052nam a2200241Ia 4500
999 _c56272
_d56272
001 23382
003 GE_BSU
005 20230621101841.0
008 181216s1976ge xx |||||||||||||| ||geo||
040 _cGE_BSU
041 _ageo
080 _a821.341.1-343 კ-49
100 _aკიკნაძე,ზურაბ.
_918114
245 _aშუამდინარული მითოლოგია /
_cზურაბ კიკნაძე, რედ.თ.გამყრელიძე
264 _aთბილისი :
_bმეცნიერება,
_c1976.
300 _a241 გვ. :
_bილ. ;
_c22 სმ.
501 _aლიტ. სია: გვ. 236-240
653 _aლიტერატურა
653 _aშუამდინარული მითოლოგია
700 _aგამყრელიძე, თ
_eრედაქტორი
_93546
710 _aგ. წერეთლის სახ. აღმოსავლეთმცოდნეობის ინ-ტი
_913878
942 _cBK
_2udc